<The> Case againts Harry Dexter White stil not proven
Uložené v:
| Hlavný autor: | |
|---|---|
| Médium: | Kniha |
| Jazyk: | English |
| Vydavateľské údaje: |
Washington
International Monetary Fund
2000
|
| Edícia: | IMF Working Paper
WP/00/149 |
| Predmet: | |
| Tagy: |
Žiadne tagy, Buďte prvý, kto otaguje tento záznam!
|
MARC
| LEADER | 00000nam a2200000 4500 | ||
|---|---|---|---|
| 001 | c124396 | ||
| 005 | 20221221081751.7 | ||
| 041 | 0 | |a eng | |
| 044 | |a US | ||
| 245 | 1 | 0 | |a <The> Case againts Harry Dexter White |b stil not proven |c James M. Boughton |
| 264 | 1 | |a Washington |b International Monetary Fund |c 2000 | |
| 300 | |a 20 s. | ||
| 490 | 1 | |a IMF Working Paper |v WP/00/149 | |
| 830 | 0 | |a IMF Working Paper |v WP/00/149 | |
| 610 | 2 | 0 | |a právo |
| 610 | 2 | 0 | |a štúdie prípadové |
| 610 | 2 | 0 | |a ekonómovia |
| 610 | 2 | 0 | |a financie medzinárodné |
| 610 | 2 | 0 | |a USA |
| 610 | 2 | 0 | |a Rusko |
| 610 | 2 | 0 | |a špionáž hospodárska |
| 610 | 2 | 0 | |a špionáž priemyselná |
| 610 | 2 | 0 | |a ZSSR |
| 100 | 1 | |a Boughton, James M. | |